[Event "Østlandsserien 2016/2017, 2. div. A"]
[Site "Lørenskog, Akershus NOR"]
[Date "2017.03.04"]
[Round "6"]
[White "Hoel, Sondre-Andreas B"]
[Black "Barane, Simon"]
[Result "0-1"]
[WhiteElo "1686"]
[BlackElo "1829"]
[Annotator "Lea, Per"]
[PlyCount "84"]
[EventDate "2016.10.30"]
[WhiteTeam "Lørenskog 1"]
[BlackTeam "Follo 1"]

1. e4 c5 2. Nf3 d6 3. d4 cxd4 4. Nxd4 Nf6 5. Nc3 g6 6. Be3 Bg7 7. f3 O-O 8. Qd2
Nc6 9. g4 h5 10. h3 a6 11. O-O-O Nxd4 12. Bxd4 Qa5 13. Kb1 e5 14. Be3 Be6 15.
Qf2 Qc7 16. Rg1 b5 17. Bg5 Qa5 $2 18. Bxf6 b4 $2 19. Nd5 Rfc8 $2 20. b3 $2 (20.
Bxg7 Kxg7 21. gxh5 Qc5 22. Qg2 {bør være klar vinst for hvit}) 20... Rc5 21.
Bxg7 Kxg7 22. gxh5 Rac8 23. Qh4 $2 (23. Bd3 {dekker c2 og gir forbindelse
mellom tårnene}) 23... Bxd5 24. Rxd5 $4 Rxc2 {Svart har spilt på bonustiden de
siste 4-5 trekkene, så det er godt gjort å se denne finessen.} ({Men det
fantes et enda bedre trekk:} 24... Qxa2+ $3 25. Kxa2 Rxc2+ 26. Kb1 Rc1+ 27. Kb2
R8c2#) 25. Rxg6+ {I løpet av ett trekk er situasjonen snudd 180 grader: fra
klar vinststilling for hvit er det nå svart som står til vinst - men han må
fremdeles gjøre 15 trekk på bare de 30 bonussekundene per trekk. Alle andre
hvite trekk er forsert matt i høyst 6 trekk.} fxg6 26. Qe7+ Kh6 27. Qf8+ Rxf8
28. Rxa5 Rh2 29. Bc4 Rxf3 30. Rd5 Rg3 31. Rd1 Rgg2 32. hxg6 Rb2+ 33. Ka1 Rxa2+
34. Kb1 Rab2+ 35. Ka1 Rbd2 36. Rg1 Rdg2 37. Rxg2 Rxg2 38. Be6 Kxg6 39. Bc8 Re2
40. Kb1 Kg5 41. Kc1 Kf4 42. Bf5 d5 0-1

[Event "Østlandsserien 2016/2017, 2. div. A"]
[Site "Lørenskog, Akershus NOR"]
[Date "2017.03.04"]
[Round "6"]
[White "Flügel, Stefan"]
[Black "Afsari-Rad, Aidin"]
[Result "1-0"]
[WhiteElo "1729"]
[BlackElo "1554"]
[Annotator "Lea, Per"]
[PlyCount "77"]
[EventDate "2016.10.30"]
[WhiteTeam "Follo 1"]
[BlackTeam "Lørenskog 1"]

1. Nc3 e5 2. Nf3 Nc6 3. d4 exd4 4. Nxd4 Bc5 5. Nf5 Qf6 {I alle de 6 partiene
på ChessBase.com hvor hvit spilte sprigeren til f5, fortsatte svart med dette
trekket.} 6. g4 ({Det vanligste er (i den grad man kan kalle noe for "vanlig"
her), er} 6. e4 {Men silisiumhjernene ser ut til å være enig med unge Hr Flügel
}) 6... Bb6 {Naturlig - og sannsynligvis dårlig} 7. Nd5 Qg6 8. e4 (8. Nf4 Qf6
9. Nh5 Qg6 10. e4 Kf8 {ser ut som noe som er tatt fra et nybegynnerparti, men
svarts stilling kan bli vanskelig å holde}) 8... d6 9. Bd2 f6 10. Nf4 (10. a4
Nh6 11. Be2 (11. a5 $2 Bxf2+ 12. Kxf2 Nxg4+ 13. Ke1 Bxf5 14. Nxc7+ Kd7 15. Bf4
Nge5 16. Bxe5 (16. Nxa8 Bg4 17. Rg1 Bxd1 18. Rxg6 hxg6 19. Kxd1 Rxa8 {med
fordel for svart til tross for det hvite løperparet}))) 10... Qf7 11. Ne3 Ne5
12. Nfd5 Ne7 13. Be2 Bd7 {Her har sannsynligvis svart utliknet} 14. a4 Rc8 $2
15. Nxb6 ({Enda bedre er:} 15. Nxe7 Qxe7 16. Nd5 Qe6 17. a5 Bd4 18. Nf4 Qe7 19.
c3 Ng6 20. Nxg6 hxg6 21. cxd4 Qxe4 {og selv om svart får en del bønder for
løperen, bør dette holde for hvit}) 15... axb6 16. f4 N5c6 17. Bc3 Ng6 18. Rf1
Qe7 19. Qd3 O-O 20. O-O-O Be6 21. Ng2 Ra8 22. b3 {Hvit har en grei fordel, men
det er ikke så lett å få satt inn støtet} Bd7 23. h4 Rfe8 {De to siste
trekkene har gjort ting verre for svart.} 24. Bf3 Nd8 25. h5 Nf8 26. Rde1 Nf7
27. Ne3 Ne6 28. Nd5 Qd8 29. Bg2 ({Varianter som} 29. g5 fxg5 30. h6 c6 (30...
gxh6 31. Bh5 Rf8 32. Nf6+) 31. Bh5 cxd5 32. Bxf7+ Kxf7 33. f5 Nf4 (33... Kg8)
34. Rxf4 gxf4 35. Qxd5+ Be6 36. fxe6+ Rxe6 37. Qxb7+ Ke8 38. hxg7 Rg6 {er
umulig å se ved brettet - og knapt nok i analysene}) 29... Nc5 30. Qg3 b5 31.
h6 Nxh6 32. g5 fxg5 33. fxg5 ({Heller ikke dette er lett å se:} 33. Bxg7 Kxg7
34. Qc3+ Kg8 35. Nf6+ Kf7 36. fxg5 Re5 37. Nxd7+) 33... Ng4 34. Nf6+ $1 gxf6
35. gxf6 Rf8 36. Rf5 Bxf5 37. exf5 Rxf6 38. Qxg4+ Kf7 39. Bd5+ {og svart blir
matt i alle varianter} 1-0

[Event "Østlandsserien 2016/2017, 2. div. A"]
[Site "Lørenskog, Akershus NOR"]
[Date "2017.03.04"]
[Round "6"]
[White "Hagen, Bjørn"]
[Black "Lea, Per"]
[Result "1-0"]
[WhiteElo "1451"]
[BlackElo "1533"]
[Annotator "Lea, Per"]
[PlyCount "51"]
[EventDate "2016.10.30"]
[WhiteTeam "Lørenskog 1"]
[BlackTeam "Follo 1"]

1. d4 Nf6 2. Bf4 d5 3. e3 e6 4. Bd3 c5 5. c3 Nc6 6. Nd2 Bd6 7. Ngf3 Bxf4 8.
exf4 Qb6 9. Qb3 Qxb3 10. axb3 cxd4 11. Nxd4 Nxd4 12. cxd4 {Svart er godt
fornøyd: hvit har 2 par dobbeltbønder og en isolert sentrumsbonde. Men selv i
en tilsynelatende enkel stilling er det fort gjort å trå feil.} Bd7 (12... Ke7
13. Nf3 Ne4 14. Ke2 Nd6 15. Rhc1 f6 16. Rc7+ Bd7 {ser farlig ut, men Stockfish
mener at svart ikke har noen problemer her}) 13. Nf3 O-O 14. Ne5 Be8 15. f5 Nd7
{Nå begynner pila å tippe hvits vei} 16. f4 Nxe5 17. fxe5 exf5 18. Bxf5 g6 19.
Bd3 f6 20. exf6 Rxf6 21. Rf1 Kg7 22. Rxf6 Kxf6 23. Be2 a6 24. Bf3 Ke6 25. Kd2
Rc8 $4 {Etter flere minutters betenkningstid. Til slutt ble det viktigst å
hindre hvit i å besette c-linja, alle andre hensyn glemmes. Dermed:} 26. Bg4+ {
og et mulig halvpoeng gikk fløyten} 1-0

[Event "Østlandsserien 2016/2017, 2. div. A"]
[Site "Ås, Akershus NOR"]
[Date "2017.03.05"]
[Round "7"]
[White "Sagafos, Magne"]
[Black "Hoel, Jørgen"]
[Result "1-0"]
[WhiteElo "2352"]
[BlackElo "1897"]
[PlyCount "47"]
[EventDate "2016.10.30"]
[WhiteTeam "Vålerenga 3"]
[BlackTeam "Follo 1"]

1. e4 c5 2. Nc3 Nc6 3. Bb5 Nd4 4. Nf3 g6 5. Bc4 Bg7 6. Nxd4 cxd4 7. Qf3 e6 8.
Nb5 Be5 9. c3 dxc3 10. d4 a6 11. dxe5 axb5 12. Bb3 cxb2 13. Bxb2 Qa5+ 14. Bc3
b4 15. Bb2 Ra6 16. O-O Rc6 17. Rad1 g5 18. Qh5 h6 19. h4 gxh4 20. f4 Rc5 21. f5
Rxe5 22. fxe6 Rxh5 23. exf7+ Ke7 24. f8=Q# 1-0

[Event "Østlandsserien 2016/2017, 2. div. A"]
[Site "Ås, Akershus NOR"]
[Date "2017.03.05"]
[Round "7"]
[White "Barane, Simon"]
[Black "Danielsen, Arne"]
[Result "0-1"]
[WhiteElo "1829"]
[BlackElo "1996"]
[PlyCount "76"]
[EventDate "2016.10.30"]
[WhiteTeam "Follo 1"]
[BlackTeam "Vålerenga 3"]

1. d4 d5 2. e4 dxe4 3. Nc3 Nf6 4. f3 e3 5. Bxe3 e6 6. Bd3 Be7 7. Nge2 O-O 8.
Qd2 b6 9. O-O-O Bb7 10. h4 c5 11. dxc5 bxc5 12. Bxc5 Nc6 13. Qf4 Qa5 14. Bxe7
Nxe7 15. Qa4 Qc5 16. Qd4 Qc8 17. Be4 Nxe4 18. Nxe4 Bd5 19. N2c3 Qc7 20. Nxd5
Nxd5 21. Nc3 Rac8 22. Rd2 Nb6 23. Rhd1 h6 24. Qd6 Qb7 25. Qb4 Rc4 26. Qb3 Qe7
27. Rd4 Rfc8 28. a3 Qf6 29. Ne4 Qxh4 30. Rxc4 Rxc4 31. Qd3 Rc8 32. g3 Qh2 33.
Qd2 Qh5 34. Qf4 Nd5 35. Qg4 Qh2 (35... Rxc2+ $1 36. Kxc2 Ne3+ 37. Kb1 Nxg4 38.
fxg4 Qxg4 39. Re1) 36. c3 Ne3 $2 37. Nf6+ Kh8 38. Qd4 (38. Qe4 $1 $11) 38...
Qc2# 0-1

[Event "Østlandsserien 2016/2017, 2. div. A"]
[Site "Ås, Akershus NOR"]
[Date "2017.03.05"]
[Round "7"]
[White "Danielsen, Magnus"]
[Black "Flügel, Stefan"]
[Result "1-0"]
[WhiteElo "1936"]
[BlackElo "1729"]
[PlyCount "115"]
[EventDate "2016.10.30"]
[WhiteTeam "Vålerenga 3"]
[BlackTeam "Follo 1"]

1. e4 Nc6 2. d4 e5 3. Nf3 exd4 4. Bc4 Qf6 5. O-O d6 6. Ng5 Nh6 7. c3 Be7 8.
cxd4 Qxd4 9. Qc2 O-O 10. Be3 Qf6 11. Nc3 Qg6 12. Qd2 Ng4 13. Bf4 Qh5 14. Nf3
Nce5 15. Nd5 Nxc4 16. Nxe7+ Kh8 17. Qc3 Be6 18. Nd4 Qa5 19. b4 Qa3 20. Nb3 Qb2
21. Qg3 Qf6 22. Nd5 Bxd5 23. exd5 Nge5 24. Rac1 Rac8 25. Rfe1 Qg6 26. Bxe5 Nxe5
27. Re3 Qxg3 28. hxg3 f5 29. f4 Ng4 30. Rec3 Rfe8 31. Nd4 Ne3 32. Rxc7 Rxc7 33.
Rxc7 Nxd5 34. Rxb7 g6 35. b5 Re1+ 36. Kf2 Rd1 37. Ne6 h6 38. Rxa7 Nc3 39. b6
Ne4+ 40. Ke3 Re1+ 41. Kd4 Rd1+ 42. Kc4 d5+ 43. Kb5 Rc1 44. b7 Nd6+ 45. Ka4 Nxb7
46. Rxb7 Rc2 47. a3 Rxg2 48. Rb3 Re2 49. Nc5 d4 50. Rd3 Re3 51. Kb4 g5 52. fxg5
hxg5 53. Kc4 f4 54. gxf4 gxf4 55. Kxd4 Re1 56. Rf3 Ra1 57. a4 Rb1 58. Kd5 1-0

[Event "Østlandsserien 2016/2017, 2. div. A"]
[Site "Ås, Akershus NOR"]
[Date "2017.03.05"]
[Round "7"]
[White "Støle, Andreas"]
[Black "Abrahamsson, Roaul"]
[Result "0-1"]
[WhiteElo "1632"]
[BlackElo "1849"]
[PlyCount "112"]
[EventDate "2016.10.30"]
[WhiteTeam "Follo 1"]
[BlackTeam "Vålerenga 3"]

1. e4 d5 2. exd5 Qxd5 3. c4 Qa5 4. Nc3 Nf6 5. Nf3 c6 6. d4 Bf5 7. Bd3 Bxd3 8.
Qxd3 e6 9. Bg5 Nbd7 10. O-O h6 11. Bh4 Be7 12. Rfe1 Rd8 13. Ne4 Nxe4 14. Qxe4
Nf6 15. Qc2 O-O 16. h3 Rfe8 17. a3 Nh7 18. Bxe7 Rxe7 19. Re5 Qc7 20. Rae1 Nf6
21. Qa4 a6 22. b4 Ree8 23. Qb3 b5 24. cxb5 cxb5 25. Rc5 Qb7 26. Rec1 Nd5 27. g3
Nb6 28. Rc7 Qb8 29. Ne5 Nc4 30. Rc5 Nxe5 31. dxe5 Rd2 32. Qf3 Rd7 33. Qc6 Qb7
34. Qxb7 Rxb7 35. Rc6 Ra7 36. Rb6 Kh7 37. Kg2 Kg6 38. Rcc6 Rea8 39. g4 h5 40.
f4 hxg4 41. hxg4 a5 42. bxa5 Rxa5 43. f5+ Kg5 44. fxe6 fxe6 45. Rxe6 Rxa3 46.
Rxb5 R8a4 47. Reb6 Rxg4+ 48. Kf2 Rf4+ 49. Kg2 Ra2+ 50. Kg3 Ra3+ 51. Kg2 Re3 52.
Rb7 g6 53. R7b6 Rfe4 54. Re6 Kh4 55. Re8 Kg4 56. Rg8 $4 {Kaster en velfortjent
remis ut av vinduet - eller som de mindre poetiske ville sagt: rett i dass}
Re2+ ({Hvit blir matt:} 56... Re2+ 57. Kf1 Re1+ 58. Kg2 R4e2#) 0-1

[Event "Østlandsserien 2016/2017, 3. div. B"]
[Site "Ås, Akershus NOR"]
[Date "2017.03.05"]
[Round "5"]
[White "Nurmi, Timo"]
[Black "Lange, Holger"]
[Result "1/2-1/2"]
[WhiteElo "1879"]
[BlackElo "1610"]
[PlyCount "76"]
[EventDate "2016.10.30"]
[WhiteTeam "Kampen 1"]
[BlackTeam "Follo 2"]

1. d4 Nf6 2. Nf3 d5 3. c4 e6 4. Bg5 Be7 5. e3 O-O 6. Nc3 h6 7. Bh4 Nbd7 8. Rc1
c5 9. cxd5 cxd4 10. Nxd4 Nxd5 11. Bxe7 Nxe7 12. Bd3 Nf6 13. Qe2 Ned5 14. Bb1
Bd7 15. O-O Rc8 16. Nxd5 Nxd5 17. Qd3 Nf6 18. Qb3 Rxc1 19. Rxc1 Qb8 20. h3 Rc8
21. Rc3 a6 22. Qb6 Nd5 23. Rxc8+ Qxc8 24. Qd6 Be8 25. Be4 Nf6 26. Bf3 Qc1+ 27.
Kh2 Qxb2 28. e4 Qxf2 29. e5 Nd5 30. Nxe6 fxe6 31. Qxe6+ Bf7 32. Qc8+ Kh7 33. e6
Bxe6 34. Qxe6 Nf6 35. a4 Qd4 36. Qf5+ Kh8 37. Qc8+ Kh7 38. Qf5+ Kh8 1/2-1/2

[Event "Østlandsserien 2016/2017, 3. div. B"]
[Site "Ås, Akershus NOR"]
[Date "2017.03.05"]
[Round "5"]
[White "Gressli, Kristoffer"]
[Black "Lund, Petter"]
[Result "1-0"]
[WhiteElo "1567"]
[BlackElo "1583"]
[PlyCount "85"]
[EventDate "2016.10.30"]
[WhiteTeam "Kampen 1"]
[BlackTeam "Follo 2"]

1. d4 Nf6 2. Bg5 e6 3. e4 Be7 4. Nc3 d6 5. Nf3 O-O 6. Bd3 h6 7. Bf4 Nh7 8. Qd2
Ng5 9. O-O-O Nc6 10. Ne2 e5 11. Be3 Bg4 12. h4 Nh7 13. Bxh6 Bxf3 14. gxf3 gxh6
15. Qxh6 Bg5+ 16. hxg5 Qxg5+ 17. Qxg5+ Nxg5 18. Rdg1 f6 19. Bc4+ Kg7 20. f4
exf4 21. Nxf4 Rh8 22. Ne6+ Kg6 23. Rxh8 Rxh8 24. f4 Rh4 25. fxg5 fxg5 26. Rxg5+
Kf6 27. Rf5+ Ke7 28. Ng7 Nxd4 29. Rf7+ Kd8 30. Ne6+ Nxe6 31. Bxe6 Rxe4 32. Bd5
Re7 33. Rxe7 Kxe7 34. Bxb7 Ke6 35. Kd2 Kd7 36. Bf3 c6 37. Kc3 Kc7 38. Kb4 Kb6
39. a3 a6 40. b3 c5+ 41. Kc4 Kc7 42. Kd5 a5 43. a4 1-0

[Event "Østlandsserien 2016/2017, 3. div. B"]
[Site "Ås, Akershus NOR"]
[Date "2017.03.05"]
[Round "5"]
[White "Moberg, Jan Rune"]
[Black "Jørgensen, Asle"]
[Result "1-0"]
[WhiteElo "1503"]
[BlackElo "1419"]
[PlyCount "65"]
[EventDate "2016.10.30"]
[WhiteTeam "Follo 2"]
[BlackTeam "Kampen 1"]

1. d4 Nf6 2. c4 d5 3. Nf3 e6 4. g3 dxc4 5. a4 Bb4+ 6. Bd2 c5 7. dxc5 Bxc5 8.
Nc3 Nc6 9. Bg2 O-O 10. O-O Qb6 11. a5 Qc7 12. Qa4 Nd4 13. Nxd4 Bxd4 14. Nb5 Qd8
15. a6 Rb8 16. Bb4 bxa6 17. Nxd4 Qxd4 18. Bxf8 Kxf8 19. Qa3+ Kg8 20. Rad1 Qb6
21. Qe7 h6 22. Rd6 Qxb2 23. Rd8+ Kh7 24. Qxa7 Nd5 25. Be4+ f5 26. Bxd5 exd5 27.
Qc7 c3 28. Rxc8 Rxc8 29. Qxc8 Qc2 30. Qxa6 Qe4 31. Qd3 Qe5 32. e3 h5 33. Rc1
1-0

[Event "Østlandsserien 2016/2017, 3. div. D"]
[Site "Ås, Akershus NOR"]
[Date "2017.03.05"]
[Round "5"]
[White "Kristiansen, Ole-Jakob"]
[Black "Andersen, Odd"]
[Result "1/2-1/2"]
[WhiteElo "1775"]
[BlackElo "1610"]
[PlyCount "147"]
[EventDate "2016.10.30"]
[WhiteTeam "Hamar"]
[BlackTeam "Follo 3"]

1. c4 c5 2. g3 Nf6 3. Bg2 d5 4. Nf3 Nc6 5. cxd5 Nxd5 6. O-O e5 7. Nc3 Nc7 8. d3
Be7 9. Be3 Bd7 10. Rc1 O-O 11. Nd2 Rb8 12. Nc4 f6 13. a4 Be6 14. f4 Nd5 15.
Nxd5 Bxd5 16. Nd2 Bxg2 17. Kxg2 Qd5+ 18. Kg1 b6 19. Qb3 Rfd8 20. Qxd5+ Rxd5 21.
Nf3 Nd4 22. Bxd4 exd4 23. Rc2 Re8 24. Ra1 a6 25. Kf2 Bd8 26. Nd2 a5 27. Nc4 Bc7
28. Re1 g5 29. fxg5 fxg5 30. e4 dxe3+ 31. Rxe3 Rf8+ 32. Kg2 Rfd8 33. Rd2 R8d7
34. Kf3 Rf5+ 35. Kg4 Rfd5 36. b3 h6 37. Kh5 Rg7 38. Kxh6 g4 39. Re8+ Kf7 40.
Re7+ Kxe7 41. Kxg7 Kd7 42. Kg6 Kc6 43. Ne3 Rd4 44. Kf5 b5 45. axb5+ Kxb5 46.
Nc2 Rd8 47. Kxg4 a4 48. bxa4+ Kxa4 49. Ne3 Kb5 50. Kf3 Ba5 51. Rc2 Bb4 52. Rc1
Rxd3 53. Rd1 c4 54. Rxd3 cxd3 55. Ke4 d2 56. Kd3 Ba5 57. Ke2 Kc5 58. g4 Kd4 59.
Nf1 Ke4 60. Nxd2+ Kf4 61. h3 Kg3 62. Ne4+ Kxh3 63. Kf3 Bc7 64. Ng5+ Kh4 65. Nf7
Bb8 66. Nd8 Kg5 67. Ne6+ Kg6 68. Ke4 Bg3 69. Kf3 Be1 70. Nf4+ Kg5 71. Nh3+ Kg6
72. Ke4 Bd2 73. Nf4+ Bxf4 74. Kxf4 ({"Alle" vet at dette er remis ved korrekt
spill fra svart, f.eks.:} 74. Kxf4 Kf6 75. g5+ Kg7 76. Kf5 Kf7 77. g6+ Kg7 78.
Kg5 Kg8 79. Kf6 Kf8 80. g7+ Kg8 81. Kg6) 1/2-1/2

[Event "Østlandsserien 2016/2017, 3. div. D"]
[Site "Ås, Akershus NOR"]
[Date "2017.03.05"]
[Round "5"]
[White "Kielland-Lund, Jon"]
[Black "Brobakken, Geir"]
[Result "1-0"]
[WhiteElo "1499"]
[BlackElo "1666"]
[PlyCount "61"]
[EventDate "2016.10.30"]
[WhiteTeam "Follo 3"]
[BlackTeam "Hamar"]

1. c4 e6 2. d4 d5 3. Nf3 c6 4. g3 Nf6 5. Bg2 Be7 6. Qc2 O-O 7. O-O Nbd7 8. Nbd2
Re8 9. b3 a5 10. a3 Bf8 11. Bb2 Rb8 12. e4 dxe4 13. Nxe4 Nxe4 14. Qxe4 Nf6 15.
Qc2 c5 16. Rad1 Qb6 17. Rd2 cxd4 18. Nxd4 Bd7 19. Nf3 Bc6 20. Ne5 Rbd8 21. Rfd1
Rxd2 22. Rxd2 Qc7 23. Nxc6 bxc6 24. Qd1 Rb8 25. Rd3 Be7 26. f4 c5 27. Be5 Qb6
28. Bxb8 Qxb8 29. Qf3 Bf8 30. Qa8 Qc7 31. Qb7 1-0

[Event "Østlandsserien 2016/2017, 3. div. D"]
[Site "Ås, Akershus NOR"]
[Date "2017.03.05"]
[Round "5"]
[White "Ulekleiv, Jan Ivar"]
[Black "Bakken, Svein-Erik"]
[Result "1-0"]
[WhiteElo "1658"]
[BlackElo "1365"]
[PlyCount "67"]
[EventDate "2016.10.30"]
[WhiteTeam "Hamar"]
[BlackTeam "Follo 3"]

1. e4 c5 2. Nf3 Nc6 3. Bb5 Nd4 4. Nxd4 cxd4 5. O-O e6 6. d3 a6 7. Ba4 Ne7 8. f4
Nc6 9. c3 b5 10. Bb3 Qb6 11. Kh1 Be7 12. Nd2 Bb7 13. Qg4 O-O 14. Nf3 Kh8 15.
Bd2 f5 16. Qh5 dxc3 17. bxc3 Nd8 18. Ng5 Bxg5 19. fxg5 g6 20. Qh4 Nf7 21. Rf3
Ne5 22. Rh3 Rf7 23. Be3 Qc7 24. Bd4 Kg8 25. Qf4 d6 26. Bxe6 Kf8 27. Bxf7 Qxf7
28. Bxe5 dxe5 29. Qxe5 Kg8 30. Rf1 Qxa2 31. Qc7 Qe2 32. Qxh7+ Kf8 33. Qh8+ Ke7
34. Qf6+ 1-0

[Event "Østlandsserien 2016/2017, 3. div. D"]
[Site "Ås, Akershus NOR"]
[Date "2017.03.05"]
[Round "5"]
[White "Bø, Martin"]
[Black "Slettmoen, Markus"]
[Result "1/2-1/2"]
[WhiteElo "1264"]
[BlackElo "1474"]
[PlyCount "75"]
[EventDate "2016.10.30"]
[WhiteTeam "Follo 3"]
[BlackTeam "Hamar"]

1. d4 d5 2. c4 e6 3. Nf3 Nf6 4. g3 c5 5. cxd5 Nxd5 6. e4 Nf6 7. Nc3 cxd4 8.
Qxd4 Qxd4 9. Nxd4 a6 10. e5 Ng4 11. f4 Bc5 12. Nb3 Ba7 13. Ne4 O-O 14. h3 Ne3
15. Bxe3 Bxe3 16. Ke2 Bb6 17. Bg2 Nc6 18. Rhd1 f6 19. exf6 gxf6 20. Nec5 e5 21.
Nd7 Bxd7 22. Rxd7 exf4 23. Rxb7 Rfe8+ 24. Kf1 f3 25. Bxf3 Ne5 26. Bd5+ Kh8 27.
Rxb6 Rad8 28. Re6 Rf8 29. Be4 Nc4 30. Rc1 Nxb2 31. Rc7 f5 32. Bc6 f4 33. gxf4
Rxf4+ 34. Kg2 $4 (34. Ke2) 34... Rg8+ 35. Kh2 Rf2+ 36. Kh1 Rf1+ 37. Kh2 Rf2+
38. Kh1 1/2-1/2

[Event "Østlandsserien 2016/2017, 4. div. D"]
[Site "Ås, Akershus NOR"]
[Date "2017.03.05"]
[Round "5"]
[White "Grindbakken, Erik"]
[Black "Garmark, Vegard"]
[Result "1-0"]
[WhiteElo "1514"]
[BlackElo "1217"]
[PlyCount "75"]
[EventDate "2016.10.30"]
[WhiteTeam "Stjernen 2"]
[BlackTeam "Follo 4"]

1. c4 d5 2. cxd5 Nf6 3. Nf3 Nxd5 4. e4 Nf6 5. Nc3 Nc6 6. d4 Bg4 7. Bb5 Bxf3 8.
Bxc6+ bxc6 9. gxf3 e6 10. Bg5 h6 11. Bh4 g5 12. Bg3 Rb8 13. Qa4 Qd7 14. Qxa7
Rxb2 15. O-O-O Rb4 16. Bxc7 Bg7 17. Qa8+ Ke7 18. Qa3 Qxc7 19. Qxb4+ Kd7 20. e5
Nd5 21. Nxd5 exd5 22. h4 Rb8 23. Qd6+ Qxd6 24. exd6 Kxd6 25. hxg5 hxg5 26. Rh7
Rg8 27. Kc2 f5 28. Kd3 Bf6 29. Rh6 Ke6 30. Rb1 f4 31. Rb7 Ra8 32. Rb2 c5 33.
Rb6+ Ke7 34. Rh7+ Ke8 35. Re6+ Kd8 36. Rxf6 Ra3+ 37. Kc2 Ke8 38. Rb6 1-0

[Event "Østlandsserien 2016/2017, 4. div. D"]
[Site "Ås, Akershus NOR"]
[Date "2017.03.05"]
[Round "5"]
[White "Rønbeck, Bjørn"]
[Black "Sjøgren, Oddbjørn"]
[Result "0-1"]
[WhiteElo "1168"]
[BlackElo "1371"]
[PlyCount "52"]
[EventDate "2016.10.30"]
[WhiteTeam "Follo 4"]
[BlackTeam "Stjernen 2"]

1. e4 d6 2. d4 Nf6 3. Nc3 Nbd7 4. Nf3 e5 5. Bc4 Be7 6. O-O c6 7. Re1 Qc7 8.
Bxf7+ Kxf7 9. Ng5+ Ke8 10. Ne6 Qb6 11. Nxg7+ Kf7 12. Nf5 Nf8 13. Nxe7 Kxe7 14.
dxe5 dxe5 15. Be3 Qb4 16. Bg5 Rg8 17. Bxf6+ Kxf6 18. Re3 Bg4 19. f3 Qc5 20. Qe2
Bh3 21. g3 Ne6 22. Nd5+ cxd5 23. exd5 Nf4 24. Qf2 Nxd5 25. Rc3 Qxf2+ 26. Kxf2
Nxc3 0-1

[Event "Østlandsserien 2016/2017, 4. div. D"]
[Site "Ås, Akershus NOR"]
[Date "2017.03.05"]
[Round "5"]
[White "Marosevic, Tomislav"]
[Black "Midtgard, Anders"]
[Result "0-1"]
[WhiteElo "1351"]
[BlackElo "1105"]
[PlyCount "38"]
[EventDate "2016.10.30"]
[WhiteTeam "Stjernen 2"]
[BlackTeam "Follo 4"]

1. d4 g6 2. e4 Bg7 3. c4 d6 4. Nc3 Nf6 5. f3 O-O 6. Nge2 e5 7. d5 a5 8. a4 Nfd7
9. Be3 Na6 10. Qd2 Ndc5 11. Nc1 f5 12. Bh6 $4 Qh4+ 13. g3 Qxh6 14. Qe2 Nb4 15.
Nb5 Rf7 16. Qd1 fxe4 17. fxe4 Qe3+ 18. Be2 $2 (18. Qe2 Ncd3+ 19. Nxd3 Nxd3+ 20.
Kd1 Bg4 {er også håpløst}) 18... Qf2+ 19. Kd2 Nxe4# 0-1

[Event "Østlandsserien 2016/2017, 4. div. D"]
[Site "Ås, Akershus NOR"]
[Date "2017.03.05"]
[Round "5"]
[White "Lange, Magnus Øyvind"]
[Black "Bernstein, Jonas"]
[Result "0-1"]
[WhiteElo "843"]
[BlackElo "1336"]
[PlyCount "106"]
[EventDate "2016.10.30"]
[WhiteTeam "Follo 4"]
[BlackTeam "Stjernen 2"]

1. e4 e6 2. d4 d5 3. exd5 exd5 4. g3 Nf6 5. Bg2 Be7 6. Nc3 c6 7. Nf3 O-O 8. O-O
Na6 9. Bg5 Nc7 10. Qd3 Nce8 11. Rfe1 Nd6 12. Nh4 Re8 13. Re2 h6 14. Bxf6 Bxf6
15. Nf3 Bf5 16. Qd2 Qb6 17. b3 Bg4 18. Na4 Qc7 19. Rae1 b6 20. Qf4 Be6 21. Nd2
Bg5 22. Qf3 Re7 23. h4 Bf6 24. Qd3 Rae8 25. c4 dxc4 26. bxc4 Bf5 27. Rxe7 Rxe7
28. Rxe7 Qxe7 29. Qe3 Bc2 30. Qxe7 Bxe7 31. Bxc6 Bf6 32. c5 bxc5 33. dxc5 Nc8
34. Bd7 Bd4 35. Nf3 Bxa4 36. Bxa4 Bxc5 37. Kf1 Nd6 38. Ke2 Ne4 39. Ne5 Nc3+ 40.
Kf3 Nxa4 41. Nd3 Bd6 42. g4 Nc3 43. g5 hxg5 44. hxg5 Nxa2 45. Kg4 a5 46. Nb2
Nc3 47. f4 a4 48. Nc4 Bf8 49. f5 a3 50. Nxa3 Bxa3 51. g6 fxg6 52. Kg5 gxf5 53.
Kxf5 Kf7 0-1

[Event "Østlandsserien 2015/2016, 3. div. B"]
[Site "Oslo NOR"]
[Date "2015.11.01"]
[Round "1"]
[White "Moripen, Markus"]
[Black "Digernes, Magnus"]
[Result "1-0"]
[WhiteElo "1898"]
[BlackElo "1778"]
[PlyCount "103"]
[EventDate "2015.11.01"]
[Board "1"]
[WhiteTeam "Follo 1"]
[BlackTeam "Nittedal 1"]

1. b3 d5 2. Bb2 c5 3. Nf3 Nc6 4. d4 Nf6 5. e3 Bf5 6. Bd3 Bxd3 7. Qxd3 Nb4 8.
Qe2 Qc7 9. a3 Na6 10. c4 Rc8 11. Nbd2 e6 12. O-O Bd6 13. cxd5 Nxd5 14. dxc5
Nxc5 15. Rac1 Qd8 16. b4 Nd7 17. Rxc8 Qxc8 18. Rc1 Qd8 19. Bxg7 Rg8 20. Bb2 Rg6
21. Ne4 Bb8 22. Qb5 Qb6 23. Rc8+ Ke7 24. Qc4 Rg4 25. Qd3 f5 26. Nc5 Nxc5 27.
Rxc5 Bd6 28. Rc8 Re4 29. Bd4 Qa6 30. Qxa6 bxa6 31. Bxa7 Kd7 32. Rc1 Nc7 33. Nd4
f4 34. Nb3 Nb5 35. Bc5 fxe3 36. Bxe3 Nxa3 37. Nc5+ Bxc5 38. Bxc5 Nc2 39. f3
Re1+ 40. Rxe1 Nxe1 41. Kf1 Nd3 42. Bf8 Kc6 43. g4 Kb5 44. g5 Nxb4 45. h4 Nd5
46. Kf2 Nf4 47. Kg3 Ng6 48. Bg7 Kc5 49. h5 Ne7 50. Bf8 Kd6 51. g6 hxg6 52. h6
1-0

[Event "Østlandsserien 2015/2016, 3. div. B"]
[Site "Oslo NOR"]
[Date "2015.11.01"]
[Round "1"]
[White "Thrana, Svein Arne"]
[Black "Hoel, Jørgen"]
[Result "1-0"]
[WhiteElo "1679"]
[BlackElo "1891"]
[PlyCount "64"]
[EventDate "2015.11.01"]
[Board "2"]
[WhiteTeam "Nittedal 1"]
[BlackTeam "Follo 1"]

1. e4 c5 2. Nf3 d6 3. d4 cxd4 4. Nxd4 Nf6 5. Nc3 a6 6. Be3 e5 7. Nb3 Be7 8. f3
O-O 9. Qd2 Be6 10. h4 b5 11. O-O-O Qc7 12. Kb1 Rc8 13. Bd3 Nbd7 14. g4 b4 15.
Nd5 Nxd5 16. exd5 Bxd5 17. Bxh7+ Kxh7 18. Qxd5 Qxc2+ 19. Ka1 Kg8 20. g5 Qc6 21.
h5 Qxd5 22. Rxd5 Rc2 23. h6 Rac8 24. hxg7 Kxg7 25. f4 Re2 26. Bc1 Rf2 27. fxe5
Nxe5 28. Be3 Rg2 29. Nd4 Bxg5 30. Rxd6 Kg8 31. Nf5 Rc6 32. Rdd1 Bxe3 1-0

[Event "Østlandsserien 2015/2016, 3. div. B"]
[Site "Nittedal, Akershus NOR"]
[Date "2015.11.01"]
[Round "1"]
[White "Støle, Andreas"]
[Black "Parr, Hugo"]
[Result "1-0"]
[WhiteElo "1555"]
[BlackElo "1604"]
[Annotator "Støle, Andreas"]
[PlyCount "55"]
[EventDate "2015.11.01"]
[Board "3"]
[WhiteTeam "Follo 1"]
[BlackTeam "Nittedal 1"]

1. e4 c5 2. d4 {Morra gambit} cxd4 3. c3 dxc3 (3... d3) 4. Nxc3 d6 5. Bc4 e6 6.
Nf3 Be7 7. O-O h6 8. Qe2 a6 9. Rd1 Qc7 10. Bf4 Nc6 11. Rac1 Nf6 12. e5 dxe5 13.
Nxe5 Nxe5 14. Bxe5 Qa5 15. Bxf6 Bxf6 16. Nd5 O-O 17. Nxf6+ gxf6 18. Rc3 Rd8 19.
Rg3+ (19. Rxd8+ Qxd8 20. Rg3+) 19... Kf8 20. Rxd8+ Qxd8 21. Qe3 Qd1+ $2 {This
move loses the game, it gaves away blacks control of the 8th rank.} (21... Ke7
{Fritz calls this about equal.} 22. Qxh6 b5 23. Be2 Bb7) 22. Bf1 Ke7 {Too late}
23. Rg8 $1 {Taking the control of the 8th rank, denies black to develop his
bishop and rook.} Qd6 24. Qxh6 e5 25. Qf8+ Kd7 26. Qxf7+ Qe7 27. Qc4 b5 28.
Qd5+ 1-0